Szczegóły MARC21

Działalność pedagogiczna Anieli Szycówny /

003 -Nazwa inst., której nr kontr. jest w polu 001 [,]
    • @
    • Nazwa instytucji, której n kontrolny jest w polu 001
    • NUKAT
005 -DATA I CZAS OSTATNIEJ MODYFIKACJI [,]
    • @
    • pole kontrolne
    • 20260411171242.0
040 -Instytucja sporządzająca opis [ , ]
    • a
    • Instytucja, która sporządziła opis (NP)
    • WA U/JL
    • c
    • Instytucja, która sporządziła rekord (NP)
    • WA U/JL
    • d
    • Instytucja, która zmodyfikowała rekord (P)
    • WA U/EBA
    • d
    • Instytucja, która zmodyfikowała rekord (P)
    • Ł U/MRs
942 -Rodzaj dokumentu [ , ]
    • c
    • Rodzaj dokumentu
    • Książka
100 -Hasło główne - nazwa osobowa [1, ]
    • a
    • Nazwa osobowa (NP)
    • Michalski, Stanisław
    • d
    • Daty biograficzne (NP)
    • (1928-1990).
    • 9
    • KHW
    • 15684
245 -Strefa tytułu i oznaczenia odpowiedzialności [1,0]
    • a
    • Tytuł
    • Działalność pedagogiczna Anieli Szycówny / Find
    • c
    • Pozostałe elementy strefy tytułu i oznaczenia odpowiedzialności (NP)
    • Stanisław Michalski.
260 -Strefa adresu wydawniczego [ , ]
    • a
    • Miejsce wydania (P)
    • Warszawa :
    • b
    • Nazwa wydawcy (P)
    • Państwowe Zakłady Wydawnictw Szkolnych,
    • c
    • Data wydania (P)
    • 1968.
300 -Strefa opisu fizycznego [ , ]
    • a
    • Określenie formy książki i/lub objętość (NP)
    • 238, [2] s. ;
    • c
    • Format (NP)
    • 20 cm.
336 -Typ zawartości [ , ]
    • a
    • Termin opisujący typ zawartości
    • Tekst
    • b
    • Kod określający zawartość
    • txt
    • 2
    • Źródło (terminu i kodu)
    • rdacontent
337 -Typ mediów [ , ]
    • a
    • Tryb odtwarzania
    • Bez urządzenia pośredniczącego
    • b
    • Kod typu mediów
    • n
    • 2
    • Źródło (terminu i kodu)
    • rdamedia
338 -Typ/rodzaj nośnika [ , ]
    • a
    • Hasło opisujące typ nośnika
    • Wolumin
    • b
    • Kod typu nośnika
    • nc
    • 2
    • Źródło (terminu i kodu)
    • rdacarrier
380 -Deskryptor - Forma dzieła (P) [ , ]
    • a
    • forma dzieła (NP)
    • Książki
600 -Hasło przedmiotowe w formie nazwy osobowej [1,7]
    • a
    • Nazwa osobowa
    • Szycówna, Aniela
    • d
    • Daty związane z nazwą
    • (1869-1921)
    • 2
    • Źródło terminu
    • DBN
    • 9
    • KHW
    • 744698
600 -Hasło przedmiotowe w formie nazwy osobowej [1,7]
    • a
    • Nazwa osobowa
    • Szyc, Aniela
    • d
    • Daty związane z nazwą
    • (1869-1921).
    • 2
    • Źródło terminu
    • kaba
    • 9
    • KHW
    • 254256
648 -Hasło przedmiotowe - chronologia [ ,7]
    • a
    • Deskryptor chronologiczny
    • 1801-1900
    • 2
    • Źródło terminu
    • DBN
    • 9
    • KHW
    • 721135
648 -Hasło przedmiotowe - chronologia [ ,7]
    • a
    • Deskryptor chronologiczny
    • 1901-2000
    • 2
    • Źródło terminu
    • DBN
    • 9
    • KHW
    • 721448
650 -Hasło przedmiotowe [ ,7]
    • a
    • Hasło przedmiotowe
    • Pedagogika
    • 2
    • Źródło terminu
    • DBN
    • 9
    • KHW
    • 721736
650 -Hasło przedmiotowe [ ,7]
    • a
    • Hasło przedmiotowe
    • Pedagogika
    • z
    • Określnik geograficzny
    • Polska
    • y
    • Określnik chronologiczny
    • 19 w.
    • 2
    • Źródło terminu
    • kaba
    • 9
    • KHW
    • 351936
650 -Hasło przedmiotowe [ ,7]
    • a
    • Hasło przedmiotowe
    • Pedagogika
    • z
    • Określnik geograficzny
    • Polska
    • y
    • Określnik chronologiczny
    • 20 w.
    • 2
    • Źródło terminu
    • kaba
    • 9
    • KHW
    • 357154
651 -Hasło przedmiotowe w formie nazwy geograficznej [ ,7]
    • a
    • Nazwa geograficzna
    • Polska
    • 2
    • Źródło terminu
    • DBN
    • 9
    • KHW
    • 721438
658 -Ujęcie treści [ , ]
    • a
    • dziedzina nauki i sztuki/ sfera aktywności życiowej
    • Edukacja i pedagogika
658 -Ujęcie treści [ , ]
    • a
    • dziedzina nauki i sztuki/ sfera aktywności życiowej
    • Historia
710 -Hasło dodatkowe - nazwa ciała zbiorowego [2, ]
    • a
    • Nazwa ciała zbiorowego lub nazwa geograficzna jako pierwszy element (NP)
    • Państwowe Zakłady Wydawnictw Szkolnych.
    • 4
    • Kod relacji
    • pbl
    • 9
    • KHW
    • 55158
Numer inwentarzowy Status udost. Data inwentaryzacji Lokalizacja
Pd.1647712004-10-27BG